[Event "Bunratty"]
[Site "Bunratty"]
[Date "2015.02.20"]
[Round "5"]
[White "Hunt, Adam"]
[Black "Thorfinnsson, Bragi"]
[Result "1/2-1/2"]
[WhiteElo "2428"]
[BlackElo "2432"]
[PlyCount "44"]
[EventDate "2015.02.18"]
[EventType "tourn"]
[EventRounds "9"]
[EventCountry "IRL"]
[EventCategory "8"]
[SourceTitle "CBM 164 Extra"]
[Source "ChessBase"]
[SourceDate "2015.03.02"]
[SourceVersion "1"]
[SourceVersionDate "2015.03.02"]
[SourceQuality "1"]

1. e4 e5 2. Nf3 Nc6 3. Bb5 Nge7 4. 0-0 d6 5. c3 Bd7 6. d4 Ng6 7. d5 Nb8 8. Bxd7+ Nxd7 9. c4 Be7 10. Nc3 h6 11. g3 0-0 12. Be3 Nf6 13. Ne1 Qd7 14. f3 Nh7 15. Nd3 f5 16. exf5 Rxf5 17. Ne4 Raf8 18. Qe2 Bg5 19. Nxg5 Nxg5 20. Bxg5 Rxg5 21. Kh1 Rgf5 22. Kg2 Rg5 1/2-1/2